| 000 | 00629nam a2200253Ia 4500 | ||
|---|---|---|---|
| 001 | Z_4424 | ||
| 008 | 220113s1978 xx 000 0 und d | ||
| 010 | _a167494 | ||
| 082 | _a631.521 F36y | ||
| 100 |
_aFAO _9137368 |
||
| 245 |
_aLas semillas agrícolas y hortícolas : producción, control y distribución / _cpor FAO |
||
| 260 |
_aRoma : _bLa organización, _c1978 |
||
| 300 | _a616 p | ||
| 440 | _a | ||
| 500 | _a | ||
| 503 | _a131538 | ||
| 650 |
_aLegumbres _xSemillas _9141720 |
||
| 650 |
_aSemilla I. t. _9141721 |
||
| 901 | _a631.521 F36y | ||
| 902 | _aA | ||
| 910 | _a1978 | ||
| 942 | _cc1 | ||
| 999 |
_c167494 _d167494 |
||